| 000 | 01606nam a2200337 4500 | ||
|---|---|---|---|
| 003 | NUST | ||
| 005 | 20260417121127.0 | ||
| 008 | 260417b |||||||| |||| 00| 0 eng d | ||
| 040 |
_aNUST _beng _cNUST _dNUST _erda |
||
| 050 | _aHD7105.Z55CHA | ||
| 100 |
_aCharewa, Moreblessing. _eAuthor. |
||
| 245 |
_aManagement of Pension Records and Service Delivery at National Social Security Authority Bulawayo / _cby Moreblessing Charewa. |
||
| 260 |
_aBulawayo, Zimbabwe : _bNational University of Science and Technology , _c©2020. |
||
| 300 |
_axiv, 102 pages : _c31 cm. _bIllustrations ; |
||
| 336 |
_2rdacontent _atext _btxt |
||
| 337 |
_2rdamedia _aunmediated _bn |
||
| 338 |
_2rdacarrier _avolume _bnc |
||
| 500 | _aA research project submitted to the National University of Science and Technology in partial fulfilment of the requirements for a Master of Science degree in Records and Archives Management. | ||
| 501 | _00(MSc in Records and Archives Management) National University of Science and Technology, 2020. | ||
| 504 | _aIncludes bibliographical references. | ||
| 650 |
_aPensions _xAdministration _zZimbabwe. |
||
| 650 |
_aSocial security _zZimbabwe. |
||
| 650 |
_aRecords management _zZimbabwe. |
||
| 650 |
_aPublic administration _zZimbabwe. |
||
| 650 |
_aService delivery _xPublic administration _zZimbabwe. |
||
| 650 |
_aNational Social Security Authority _xCase studies _zZimbabwe. |
||
| 650 |
_aEmployee benefits _zZimbabwe. |
||
| 650 |
_aInformation storage and retrieval systems _zZimbabwe. |
||
| 700 |
_aDr S Chabikwa. _eSupervisor. |
||
| 942 |
_2lcc _n0 _c3HOUR _hHD7105.Z55CHA _kHD _mCHA |
||
| 999 |
_c172771 _d172771 |
||